• 首页
  • 本馆介绍
  • 公告通知
  • 最新文献
  • 馆藏检索
  • 电子资源
  • 读者导购
  • 参考咨询
  • 我的图书馆
  • 登录
  • 详细信息显示
  • 放入我的书架
  • 预约/预借图书
  • 作者相关作品
  • 分类相关作品
  • 丛书相关作品
  • 出版社相关作品

书目信息

  • 表格格式
  • 工作单格式
  • 卡片格式
题名:
中国逻辑史资料选
    
 
作者: ;中国逻辑研究会资料编选组 编
分册:   汉至明卷
出版信息: 兰州   甘肃人民出版社  1985
页数: 389页
开本: 20cm
丛书名:
单 册:
中图分类: B81-092
科图分类:
主题词: 逻辑史--中国--古代
电子资源:
ISBN:
000 00691nam0 2200229 45
001 0185000773
005 20070721150229.73
010    @dCNY2.40
091    @aCN@b2096.59
100    @a19900921d1985 em y0chiy0121 ea
101 0  @achi
102    @aCN@b620000
105    @ay z 000yy
200 10 @a中国逻辑史资料选@Azhong guo luo ji shi zi liao xuan@i汉至明卷@f中国逻辑研究会资料编选组编
210    @a兰州@c甘肃人民出版社@d1985
215    @a389页@d20cm
606    @a逻辑史@y中国@z古代
690    @aB81-092@v3
711 02 @a中国逻辑研究会资料编选组@Azhong guo luo ji yan jiu hui zi liao bian xuan zu@4编
801  2 @aCN@bNLC@c20070721
801  0 @aCN@bTSSF
905    @a10447@dB81-092@e195
    
    中国逻辑史资料选.汉至明卷/中国逻辑研究会资料编选组编.-兰州:甘肃人民出版社,1985
    389页;20cm
    
    
    ISBN :CNY2.40
    
●
相关链接 在E读中查询图书 在五车中查询图书 在当当中查询图书 在豆瓣中查询图书


正题名:中国逻辑史资料选     索取号:B81-092/195         预约/预借

序号 登录号 条形码 馆藏地/架位号 状态 备注
1 0769536   207695369   第一样本阅览室/ [索取号:B81-092/195] 在馆    
唐山师范学院图书馆 欢迎您!
大连网信软件有限公司© 版权所有